000 004440000a22001690004500
003 MACL
005 20160108134428.0
008 160108b xxu||||| |||| 00| 0 eng d
040 _aMACL
_cMACL
041 _aEnglish
082 _a920/STR
100 _aStrickland, Agnes
_929703
245 _aLives of the Tudor and Stuart Princesses
260 _bGeorge Bell and Sons
_c1902
_aLondon
650 _aBiography
_929704
942 _cBK
_k920/STR
_2ddc
999 _c36775
_d36775